Дело о службе состоявшего в ведомстве Театральной дирекции умершего секретаря при директоре надворного советника Евгения Семенов...

Доступно только в Электронных читальных залах Найти на картеНа карте
RUSMARC
00003658nmc2a22000003x 450
001684ba0d0-72c4-4ebc-a44e-0342e3d586dc
00520181008121337.0
100##$a20161219l18191883k l0rusy0189 ca
1010#$arus
102##$aRU
2001#$aДело о службе состоявшего в ведомстве Театральной дирекции умершего секретаря при директоре надворного советника Евгения Семенова
$j24 июня 1819 г. - 7 декабря 1883 г.
251##$cДело
300##$aДело
801#0$aRU
$bРГИА
$c20161219
$gRCR
801#1$aRU
$bГлавНИВЦ
$c20161219
$2rusmarc
801#2$aRU
$bПБ им. Б.Н. Ельцина
$c20181008
$gRCR
$2rusmarc
850##$aРГИА
852##$aРГИА
$eФедеральное казенное учреждение "Российский государственный исторический архив" (РГИА)
$j1860
937##$hРГИА
$d12237034
$aASBIBLIO_SCAN
462#0$1001dd3991dc-24e1-42ec-8838-ca4255420416
$12001
$a1746-1850 гг.
$1251
$cОпись
$1852
$j1
461#0$10019264ebf8-de62-4f1a-9eb4-9f22098dbbd5
$12001
$aДирекция императорских театров МИДв
$1251
$cФонд
$1852
$j497
215##$a116 л.
$d36,5х26 см
371##$aДокумент не является опубликованным и широко распространяемым
105##$ay###
1222#$ad
035##$a684ba0d0-72c4-4ebc-a44e-0342e3d586dc
856##$uhttp://readingroom.main.prlib.ru/item.aspx?id_node=n119004662&mode=full
Формат отображения